000 00522nam a2200193Ia 4500
005 20250923144439.0
008 008 250917s9999 xx 000 0 eng d
037 _aTextual
040 _aDSWL
_beng
_cDSWL
041 _aeng
_2eng
084 _axg, H4
_qDSWL
100 _aClark, Rimanoczy
_9824985
245 0 _aHow we live
_cby Clark
260 _aNew York
_bD.VanNostrand
_c1944
300 _a39 p.
700 _a Rimanoczy
_9824986
942 _cTEXL
_hxg, H4
999 _c1438981
_d1438981